| 000 | 00507nam a22001697a 4500 | ||
|---|---|---|---|
| 999 |
_c41053 _d41053 |
||
| 003 | OSt | ||
| 005 | 20210303152332.0 | ||
| 008 | 210303b ||||| |||| 00| 0 eng d | ||
| 020 | _a9788122612783 | ||
| 040 | _coclc | ||
| 082 |
_a954.83 _bNAR/C |
||
| 100 |
_93246 _aNarayanan, M G S |
||
| 245 |
_aCharithram Vyavaharam : _bKeralavum Bharathavum / _cM G S Narayanan |
||
| 260 |
_aThrissur: _bCurrent Books, _c2018. |
||
| 300 | _a320p | ||
| 942 |
_2ddc _cBK _h954.83 _iNAR/C _k954.83 _mNAR/C |
||